| 000 | 00612nam a2200205Ia 4500 | ||
|---|---|---|---|
| 008 | 191130s1996##################000#0#eng## | ||
| 020 | _a9780070282032 | ||
| 022 | _a95008874 | ||
| 040 |
_aACL _cACL |
||
| 082 | _a320.HEI | ||
| 100 | _aHeineman, Robert A | ||
| 245 |
_aPolitical science : an introduction _cRobert A. Heineman |
||
| 260 |
_aNew York _bMcGraw-Hill _cc1996 |
||
| 300 | _avi, 293 p. : ill. ; 23 cm | ||
| 500 | _aIncludes bibliographical references (p. 275-286) and index | ||
| 650 | _aPolitical science | ||
| 990 | _a9099be8cac10000c6a74b23716d016ef | ||
| 991 | _a203960 | ||
| 999 |
_c283304 _d283304 |
||